|
|
|
|
| LEADER |
01291nam a2200325 a 4500 |
| 001 |
15143594 |
| 008 |
120527s2009 cau b 001 0 eng d |
| 010 |
|
|
|a 2008920955
|
| 020 |
|
|
|a 0761970614 (cased.)
|
| 020 |
|
|
|a 9780761970613 (cased)
|
| 020 |
|
|
|a 0761970622 (pbk.)
|
| 020 |
|
|
|a 9780761970620 (pbk.)
|
| 040 |
|
|
|a UKM
|c UKM
|d BAKER
|d BTCTA
|d YDXCP
|d BWKUK
|d BWK
|d BWX
|d NLGGC
|d CDX
|d IXA
|d OCLCQ
|d DLC
|d BD-DhAAL
|
| 042 |
|
|
|a ukblcatcopy
|a lccopycat
|
| 050 |
0 |
0 |
|a HQ1154
|b .M3975 2009
|
| 082 |
0 |
4 |
|a 305.42
|2 22
|
| 100 |
1 |
|
|a McRobbie, Angela.
|
| 245 |
1 |
4 |
|a The aftermath of feminism :
|b gender, culture and social change /
|c Angela McRobbie.
|
| 260 |
|
|
|a Los Angeles ;
|a London ;
|a New Delhi :
|b SAGE,
|c 2009.
|
| 300 |
|
|
|a 184 p. ;
|c 24 cm.
|
| 504 |
|
|
|a Includes bibliographical references (p. [171]-177) and index.
|
| 541 |
|
|
|e 00025286
|
| 650 |
|
0 |
|a Feminism.
|
| 650 |
1 |
7 |
|a Feminisme.
|2 gtt
|
| 650 |
1 |
7 |
|a Cultuurpatronen.
|2 gtt
|
| 651 |
|
7 |
|a Verenigd Koninkrijk van Groot-Brittannië en Noord-Ierland.
|2 gtt
|
| 852 |
1 |
|
|a Ayesha Abed Library
|c General shelf.
|
| 942 |
0 |
0 |
|0 1
|
| 999 |
|
|
|c 12270
|d 12270
|
| 952 |
|
|
|0 0
|1 0
|2 ddc
|4 0
|6 305_420000000000000_MCR
|7 0
|9 20320
|a BRACUL
|b BRACUL
|c GEN
|d 2012-05-28
|e karim International
|g 2230.00
|l 5
|m 11
|o 305.42 MCR
|p 3010025286
|r 2026-03-01
|s 2026-02-26
|t 1
|w 2012-05-28
|y BK
|